| 000 -LEADER |
| fixed length control field |
01514 a2200289 4500 |
| 003 - CONTROL NUMBER IDENTIFIER |
| control field |
Nust |
| 005 - DATE AND TIME OF LATEST TRANSACTION |
| control field |
20230221185150.0 |
| 010 ## - LIBRARY OF CONGRESS CONTROL NUMBER |
| LC control number |
2003062448 |
| 020 ## - INTERNATIONAL STANDARD BOOK NUMBER |
| International Standard Book Number |
0-13-061890-X (alk. paper) |
| 035 ## - SYSTEM CONTROL NUMBER |
| System control number |
13341660 |
| 040 ## - CATALOGING SOURCE |
| Transcribing agency |
Nust |
| 082 00 - DEWEY DECIMAL CLASSIFICATION NUMBER |
| Classification number |
629.89,STE |
| 100 1# - MAIN ENTRY--PERSONAL NAME |
| Personal name |
Stenerson, Jon |
| 9 (RLIN) |
109407 |
| 245 10 - TITLE STATEMENT |
| Title |
Fundamentals of programmable logic controllers, sensors, and communications / |
| Statement of responsibility, etc. |
Jon Stenerson |
| 250 ## - EDITION STATEMENT |
| Edition statement |
3rd ed. |
| 260 ## - PUBLICATION, DISTRIBUTION, ETC. |
| Place of publication, distribution, etc. |
Upper Saddle River, N.J. : |
| Name of publisher, distributor, etc. |
Pearson Prentice Hall, |
| Date of publication, distribution, etc. |
cop. 2004. |
| 300 ## - PHYSICAL DESCRIPTION |
| Extent |
xvii, 654 p. : |
| Other physical details |
ill. ; |
| Dimensions |
24 cm. + |
| Accompanying material |
1 CD-ROM (4 3/4 in.) |
| 505 ## - FORMATTED CONTENTS NOTE |
| Formatted contents note |
Safety and Lockout/Tag out (Page-1), Overview of Programmable Logic Controllers (Page-17), Overview of Number Systems (Page-39), IEC 61123-3 Programming (Page-285), Supervisory Control and Data Acquisition (Page-313), Overview of plant Floor Communication (Page-349), Communication, Controllogix, and Device net (Page-383), PC- Based Control (Page-425), Fundamentals of Process Control (Page-447), Instrumentation (Page-483), Batch and Continuous Processes (Page-519), Embedded Controllers (Page-539), Introduction to Robotics (Page-559), Industrial Automation Controllers (Page-591), Installation and Troubleshooting (Page-609). |
| 650 #7 - SUBJECT ADDED ENTRY--TOPICAL TERM |
| Topical term or geographic name entry element |
Computer programming |
| 650 #7 - SUBJECT ADDED ENTRY--TOPICAL TERM |
| Topical term or geographic name entry element |
Programmable controllers. |
| 650 #7 - SUBJECT ADDED ENTRY--TOPICAL TERM |
| Topical term or geographic name entry element |
Programming |
| 9 (RLIN) |
96244 |
| 650 #7 - SUBJECT ADDED ENTRY--TOPICAL TERM |
| Topical term or geographic name entry element |
Styrteknik |
| 9 (RLIN) |
99479 |
| 650 #7 - SUBJECT ADDED ENTRY--TOPICAL TERM |
| Topical term or geographic name entry element |
Telecommunication |
| 650 #7 - SUBJECT ADDED ENTRY--TOPICAL TERM |
| Topical term or geographic name entry element |
Telecommunication systems. |
| 9 (RLIN) |
21843 |
| 650 #7 - SUBJECT ADDED ENTRY--TOPICAL TERM |
| Topical term or geographic name entry element |
Telekommunikation |
| 9 (RLIN) |
97798 |
| 942 ## - ADDED ENTRY ELEMENTS (KOHA) |
| Koha item type |
Reference |
| Source of classification or shelving scheme |
|